[Event "Ronne Jubilaum"]
[Site "Ronne"]
[Date "2001.06.25"]
[Round "3"]
[White "Kiriakov, Petr"]
[Black "Hoi, Carsten"]
[Result "1-0"]
[WhiteElo "2546"]
[BlackElo "2404"]
[PlyCount "101"]
[EventDate "2001.??.??"]
[EventType "swiss"]
[EventRounds "9"]
[EventCountry "DEN"]
[SourceDate "2005.12.01"]

1. d4 g6 2. c4 Bg7 3. e4 d6 4. Nc3 Nf6 5. Nf3 O-O 6. Be2 Bg4 7. Be3 Nfd7 8. Rc1
e5 9. d5 a5 10. h3 Bxf3 11. Bxf3 f5 12. Qc2 Na6 13. a3 Kh8 14. h4 f4 15. Bd2
Bf6 16. h5 g5 17. Nb5 b6 18. b4 Be7 19. Bg4 Nf6 20. Bf5 Ng8 21. Qb3 Nh6 22. Be6
Bf6 23. Qh3 Qe7 24. Ke2 Qg7 25. Bg4 Bd8 26. f3 axb4 27. axb4 Nb8 28. Be6 g4 29.
fxg4 f3+ 30. gxf3 Bg5 31. Ra1 Bxd2 32. Rxa8 Qg5 33. Ra3 Bxb4 34. Rd3 Na6 35.
Qh4 Qg7 36. Ra1 Nc5 37. Re3 Nf7 38. Ra7 Ng5 39. Rxc7 Qh6 40. Bf5 Bd2 41. Ra3
Ba5 42. Qf2 Nh3 43. Qe3 Nf4+ 44. Kd1 Qg5 45. Nxd6 Qh4 46. Rxa5 Qh1+ 47. Kc2
Ncd3 48. Raa7 Rb8 49. Rxh7+ Kg8 50. Be6+ Nxe6 51. Rh8+ 1-0

[Event "Ronne Jubilaum"]
[Site "Ronne"]
[Date "2001.06.25"]
[Round "3"]
[White "Gaponenko, Inna"]
[Black "De Firmian, Nick E"]
[Result "1/2-1/2"]
[WhiteElo "2373"]
[BlackElo "2382"]
[PlyCount "71"]
[EventDate "2001.??.??"]
[EventType "swiss"]
[EventRounds "9"]
[EventCountry "DEN"]
[SourceDate "2005.12.01"]

1. e4 c5 2. Nf3 d6 3. d4 cxd4 4. Nxd4 Nf6 5. Nc3 a6 6. Be3 Ng4 7. Bg5 h6 8. Bh4
g5 9. Bg3 Bg7 10. Be2 h5 11. Bxg4 hxg4 12. O-O Nc6 13. Nf5 Bxc3 14. bxc3 Qa5
15. Ne3 Be6 16. c4 Rc8 17. Nd5 f6 18. Rb1 Nd8 19. f4 gxf4 20. Nxf4 Bf7 21. Nd5
Rxc4 22. Bxd6 exd6 23. Nxf6+ Ke7 24. Qxg4 Qc5+ 25. Kh1 Qe5 26. Qd7+ Kf8 27.
Qxd8+ Kg7 28. Nh5+ Qxh5 29. Rxf7+ Qxf7 30. Qg5+ Kh7 31. Qh4+ Kg8 32. Qg5+ Kh7
33. Qh4+ Kg8 34. Qg5+ Qg7 35. Qd8+ Qf8 36. Qg5+ 1/2-1/2

[Event "Ronne Jubilaum"]
[Site "Ronne"]
[Date "2001.06.25"]
[Round "3"]
[White "Kveinys, Aloyzas"]
[Black "Fries Nielsen, Jens Ove"]
[Result "1-0"]
[WhiteElo "2533"]
[BlackElo "2301"]
[PlyCount "89"]
[EventDate "2001.??.??"]
[EventType "swiss"]
[EventRounds "9"]
[EventCountry "DEN"]
[SourceDate "2005.12.01"]

1. e4 c5 2. Nf3 Nc6 3. Bb5 e6 4. O-O Nge7 5. Re1 a6 6. Bxc6 Nxc6 7. d4 cxd4 8.
Nxd4 Qc7 9. Nxc6 bxc6 10. e5 c5 11. Nd2 Bb7 12. Nc4 h5 13. Bg5 Qc6 14. f3 h4
15. h3 Rh5 16. Qc1 Qd5 17. b3 Qd4+ 18. Be3 Qc3 19. Rd1 Qb4 20. a3 Qb5 21. a4
Qc6 22. Bg5 Qc7 23. Qe3 Be7 24. Bxe7 Kxe7 25. Rd6 Rd8 26. Rad1 f6 27. Qf4 Kf7
28. exf6 gxf6 29. Ne3 Kg6 30. Ng4 Rf8 31. Qe3 Bc6 32. Qd3+ Kg7 33. Qxa6 Rd5 34.
R6xd5 Bxd5 35. Qe2 Qg3 36. Qd3 f5 37. Qc3+ Kf7 38. Nf6 d6 39. Nxd5 exd5 40.
Rxd5 Re8 41. Rxf5+ Ke7 42. Kf1 Kd7 43. Rf7+ Kc6 44. Qa5 d5 45. Qa6# 1-0

[Event "Ronne Jubilaum"]
[Site "Ronne"]
[Date "2001.06.25"]
[Round "3"]
[White "Pedersen, Steffen"]
[Black "Larsen, Karsten"]
[Result "1-0"]
[WhiteElo "2463"]
[BlackElo "2304"]
[PlyCount "125"]
[EventDate "2001.??.??"]
[EventType "swiss"]
[EventRounds "9"]
[EventCountry "DEN"]
[SourceDate "2005.12.01"]

1. d4 Nf6 2. c4 g6 3. Nc3 Bg7 4. e4 d6 5. Nf3 O-O 6. Be2 e5 7. O-O Nc6 8. d5
Ne7 9. b4 a5 10. Ba3 axb4 11. Bxb4 Nd7 12. a4 Bh6 13. a5 f5 14. Nd2 Kh8 15. Bd3
Ng8 16. Ra3 Rf7 17. Nb5 Nc5 18. Bxc5 dxc5 19. Nb3 Qf6 20. Be2 Bf8 21. Nd2 Ra6
22. Kh1 Nh6 23. f4 exf4 24. Rxf4 g5 25. Rf1 f4 26. Re1 Re7 27. h3 Bg7 28. Bh5
Nf7 29. Bg4 Ra8 30. Bxc8 Rxc8 31. a6 bxa6 32. Na7 Rce8 33. Nc6 Ne5 34. Nxe7
Rxe7 35. Qh5 h6 36. Rea1 Nf7 37. Rxa6 Nd6 38. Re1 Qc3 39. Nf3 Bf8 40. Qg6 Qg7
41. Qxg7+ Bxg7 42. e5 Nxc4 43. e6 Ne3 44. Rxe3 fxe3 45. Rc6 e2 46. Rxc7 Bf8 47.
Rxe7 Bxe7 48. Kg1 e1=Q+ 49. Nxe1 Kg7 50. Nf3 Kf6 51. g4 Bf8 52. Kf1 Ke7 53. Ne5
Kd6 54. Nc6 Bg7 55. Ke2 c4 56. Ke3 Bf6 57. Ke4 Bg7 58. e7 Kd7 59. d6 c3 60. Kd5
Bf6 61. Nb8+ Ke8 62. Ke6 Bxe7 63. dxe7 1-0

[Event "Ronne Jubilaum"]
[Site "Ronne"]
[Date "2001.06.25"]
[Round "3"]
[White "Demina, Julia"]
[Black "Hillarp Persson, Tiger"]
[Result "1/2-1/2"]
[WhiteElo "2350"]
[BlackElo "2443"]
[PlyCount "126"]
[EventDate "2001.??.??"]
[EventType "swiss"]
[EventRounds "9"]
[EventCountry "DEN"]
[SourceDate "2005.12.01"]

1. d4 d5 2. c4 dxc4 3. e3 e5 4. Bxc4 Nc6 5. d5 Na5 6. Qa4+ c6 7. dxc6 Nxc6 8.
Nf3 Bd6 9. Nc3 Nf6 10. Ng5 O-O 11. a3 Bf5 12. Be2 a6 13. Bf3 b5 14. Qd1 Rc8 15.
Nge4 Nxe4 16. Bxe4 Bxe4 17. Nxe4 Be7 18. Qxd8 Rfxd8 19. Bd2 f5 20. Ng3 g6 21.
Ke2 e4 22. Bc3 a5 23. Rhc1 Kf7 24. f3 exf3+ 25. gxf3 Ke6 26. Nf1 f4 27. Rd1
fxe3 28. Kxe3 Bc5+ 29. Ke4 Bd6 30. Ng3 Rf8 31. Rd3 b4 32. axb4 axb4 33. Bd2
Rfe8 34. f4 Kd7+ 35. Kf3 Kc7 36. Ne4 Be7 37. Rc1 Red8 38. Rxd8 Rxd8 39. Be3 Rd3
40. Ke2 Rd5 41. Rc4 Rb5 42. Bg1 Kd7 43. Kf3 Rf5 44. Kg3 Rd5 45. Be3 Na5 46. Rc2
Nb3 47. Kf3 Rd3 48. Ke2 Rd5 49. Kf3 Na5 50. Rc1 Rf5 51. Rc2 Nb7 52. Ng3 Rd5 53.
Ne4 Nd6 54. Nc5+ Ke8 55. Na6 Nb5 56. Rc4 Rh5 57. Bc5 Nd6 58. Rxb4 Rxh2 59. Rb8+
Kf7 60. b4 Rh3+ 61. Kg2 Rb3 62. Rb6 Nf5 63. Rb7 Kf6 1/2-1/2

[Event "Ronne Jubilaum"]
[Site "Ronne"]
[Date "2001.06.25"]
[Round "3"]
[White "Lindberg, Henrik"]
[Black "Loginov, Valery A"]
[Result "0-1"]
[WhiteElo "2210"]
[BlackElo "2499"]
[PlyCount "66"]
[EventDate "2001.??.??"]
[EventType "swiss"]
[EventRounds "9"]
[EventCountry "DEN"]
[SourceDate "2005.12.01"]

1. c4 g6 2. Nc3 Bg7 3. g3 d6 4. Bg2 Nf6 5. Nf3 O-O 6. O-O c6 7. d4 Bf5 8. Nh4
Be6 9. d5 cxd5 10. cxd5 Bd7 11. Qb3 Na6 12. Qxb7 Qa5 13. Qb3 Rab8 14. Qd1 Rfc8
15. Nf3 Ng4 16. Nd4 Ne5 17. a3 Nc4 18. Nc6 Bxc6 19. dxc6 e6 20. Ne4 d5 21. Nd2
Nxb2 22. Bxb2 Rxb2 23. Nf3 Rxc6 24. Nd4 Rc4 25. e3 Nc5 26. Rb1 Qxa3 27. Nb5 Qa5
28. Rxb2 Bxb2 29. Nd6 Rc1 30. Qf3 Rxf1+ 31. Bxf1 Qc7 32. Nb5 Qb6 33. Be2 Bf6
0-1

[Event "Ronne Jubilaum"]
[Site "Ronne"]
[Date "2001.06.25"]
[Round "3"]
[White "Eriksson, Magnus"]
[Black "Angskog, Kent"]
[Result "1-0"]
[WhiteElo "2290"]
[BlackElo "2160"]
[PlyCount "83"]
[EventDate "2001.??.??"]
[EventType "swiss"]
[EventRounds "9"]
[EventCountry "DEN"]
[SourceDate "2005.12.01"]

1. d4 e6 2. c4 Bb4+ 3. Bd2 Qe7 4. e3 b6 5. Nf3 Bb7 6. Bd3 f5 7. a3 Bxd2+ 8.
Nbxd2 Nf6 9. Qc2 d6 10. O-O Nbd7 11. e4 fxe4 12. Nxe4 O-O 13. Rae1 Nh5 14. Ng3
Bxf3 15. Bxh7+ Kh8 16. gxf3 Nf4 17. Bf5 e5 18. Qe4 Rae8 19. Kh1 Rf6 20. Bg4 g6
21. Ne2 Kg7 22. Ng3 c5 23. Qb7 Nf8 24. Qxe7+ Rxe7 25. d5 b5 26. b3 bxc4 27.
bxc4 Nd7 28. Ne4 Nb6 29. Nxf6 Kxf6 30. Re4 Na4 31. Bc8 Nc3 32. Re3 Nce2 33. Rb1
Nd4 34. Bg4 Kg5 35. h3 Rh7 36. Kh2 Rf7 37. Rb2 Rh7 38. a4 a5 39. Rb6 Nde2 40.
Rxd6 Rb7 41. Rxe5+ Kh4 42. Rd8 1-0

[Event "Ronne Jubilaum"]
[Site "Ronne"]
[Date "2001.06.25"]
[Round "3"]
[White "Lilja, Richard"]
[Black "Hartvig, Ove Weiss"]
[Result "1/2-1/2"]
[WhiteElo "2104"]
[BlackElo "2285"]
[PlyCount "48"]
[EventDate "2001.??.??"]
[EventType "swiss"]
[EventRounds "9"]
[EventCountry "DEN"]
[SourceDate "2005.12.01"]

1. e4 c5 2. Nc3 Nc6 3. Bb5 Nd4 4. Bc4 d6 5. d3 g6 6. Nge2 Bg7 7. O-O e6 8. Nxd4
cxd4 9. Ne2 Ne7 10. f4 Bd7 11. Qe1 Bc6 12. f5 gxf5 13. exf5 Nxf5 14. Ng3 Ne3
15. Bxe3 dxe3 16. Qxe3 Qb6 17. Qxb6 axb6 18. c3 b5 19. Bb3 b4 20. Nh5 Rg8 21.
Nxg7+ Rxg7 22. Rf2 bxc3 23. bxc3 Ra5 24. Re1 Rag5 1/2-1/2

[Event "Ronne Jubilaum"]
[Site "Ronne"]
[Date "2001.06.25"]
[Round "3"]
[White "Maiorov, Nikita"]
[Black "Petersen, Tom Petri"]
[Result "1-0"]
[WhiteElo "2326"]
[BlackElo "2098"]
[PlyCount "63"]
[EventDate "2001.??.??"]
[EventType "swiss"]
[EventRounds "9"]
[EventCountry "DEN"]
[SourceDate "2005.12.01"]

1. d4 g6 2. c4 Bg7 3. Nf3 d6 4. Nc3 Nf6 5. g3 Nbd7 6. Bg2 c6 7. O-O O-O 8. e4
e5 9. h3 exd4 10. Nxd4 Re8 11. Be3 Nc5 12. Qc2 Qe7 13. Rfe1 a5 14. f4 Nfd7 15.
Bf2 Ne6 16. Nf5 gxf5 17. exf5 Nf6 18. fxe6 fxe6 19. Rad1 Rb8 20. Qd2 Bf8 21.
Na4 b5 22. Nb6 Qc7 23. Nxc8 Qxc8 24. Qxa5 bxc4 25. Qg5+ Kf7 26. Bf3 c5 27. f5
e5 28. Re4 Be7 29. Bh5+ Nxh5 30. Qxh5+ Kg7 31. Rg4+ Kh8 32. Qf7 1-0

[Event "Ronne Jubilaum"]
[Site "Ronne"]
[Date "2001.06.25"]
[Round "3"]
[White "Johansson, Pelle"]
[Black "Andersen, Kaare Vissing"]
[Result "1/2-1/2"]
[WhiteElo "2078"]
[BlackElo "2312"]
[PlyCount "73"]
[EventDate "2001.??.??"]
[EventType "swiss"]
[EventRounds "9"]
[EventCountry "DEN"]
[SourceDate "2005.12.01"]

1. d4 Nf6 2. Nf3 g6 3. c4 Bg7 4. g3 O-O 5. Bg2 d6 6. O-O c5 7. b3 Nc6 8. Bb2
Ne4 9. e3 Bg4 10. h3 Bxf3 11. Bxf3 Ng5 12. Bxc6 bxc6 13. Kg2 Qd7 14. Qg4 Qxg4
15. hxg4 Ne6 16. Nd2 cxd4 17. Bxd4 Nxd4 18. exd4 Bxd4 19. Rad1 c5 20. Nf3 Bg7
21. Rfe1 Rfe8 22. Rd3 a5 23. g5 Kf8 24. Rh1 Kg8 25. Re1 Bf8 26. Nd2 Reb8 27. f4
a4 28. Kf3 axb3 29. axb3 Rb7 30. g4 Bg7 31. f5 Bd4 32. Ke4 f6 33. gxf6 Bxf6 34.
Kd5 Ra2 35. Ne4 Rb2 36. Nxf6+ exf6 37. Ree3 1/2-1/2

[Event "Ronne Jubilaum"]
[Site "Ronne"]
[Date "2001.06.25"]
[Round "3"]
[White "Henriksen, Geir I"]
[Black "Andersen, Rune"]
[Result "1-0"]
[WhiteElo "2209"]
[BlackElo "2298"]
[PlyCount "149"]
[EventDate "2001.??.??"]
[EventType "swiss"]
[EventRounds "9"]
[EventCountry "DEN"]
[SourceDate "2005.12.01"]

1. d4 d5 2. Nf3 Nf6 3. c4 e6 4. Nc3 c6 5. e3 Nbd7 6. Qc2 Bd6 7. Be2 O-O 8. O-O
b6 9. e4 dxe4 10. Nxe4 Nxe4 11. Qxe4 Bb7 12. Bf4 Nf6 13. Qe3 Bxf4 14. Qxf4 Qe7
15. Rfd1 Rfd8 16. Ne5 Rac8 17. Bf3 Nd7 18. b3 Ba8 19. Rd2 Nxe5 20. Qxe5 Qb4 21.
Rad1 c5 22. Bxa8 Rxa8 23. g3 h6 24. Rd3 cxd4 25. Rxd4 Qe7 26. R1d3 Rac8 27. a4
Rxd4 28. Qxd4 Rc7 29. h4 Rb7 30. Kg2 Rc7 31. h5 Rb7 32. Qd8+ Qxd8 33. Rxd8+ Kh7
34. Kf3 g5 35. Ke4 f6 36. Re8 e5 37. Kf5 Kg7 38. Re6 Rf7 39. b4 Rf8 40. g4 Rf7
41. f3 Rf8 42. b5 Rf7 43. Rc6 Rf8 44. c5 bxc5 45. Rxc5 Rf7 46. Rc6 Rd7 47. Rxf6
Rd3 48. Rg6+ Kh7 49. Ra6 Rxf3+ 50. Kxe5 Rf7 51. a5 Rb7 52. b6 axb6 53. axb6
Re7+ 54. Kf6 Re4 55. Ra7+ Kh8 56. b7 Rb4 57. Ra8+ Kh7 58. b8=Q Rxb8 59. Ra7+
Kh8 60. Re7 Rb4 61. Rf7 Rb6+ 62. Kf5 Kg8 63. Rf6 Rb5+ 64. Kg6 Rb4 65. Rc6 Kf8
66. Kxh6 Rxg4 67. Kg6 Rh4 68. h6 g4 69. Rc8+ Ke7 70. Rc4 Rh2 71. Rxg4 Kf8 72.
h7 Rh1 73. Rf4+ Ke8 74. Rf5 Rg1+ 75. Rg5 1-0

[Event "Ronne Jubilaum"]
[Site "Ronne"]
[Date "2001.06.25"]
[Round "3"]
[White "Schmidt, Horst Hubert"]
[Black "Schultz Pedersen, Jesper"]
[Result "0-1"]
[WhiteElo "2006"]
[BlackElo "2206"]
[PlyCount "74"]
[EventDate "2001.??.??"]
[EventType "swiss"]
[EventRounds "9"]
[EventCountry "DEN"]
[SourceDate "2005.12.01"]

1. d4 d5 2. Nf3 Nc6 3. e3 Bg4 4. Be2 e6 5. Nbd2 Nf6 6. O-O Bd6 7. h3 Bh5 8. c4
dxc4 9. Nxc4 O-O 10. Bd2 Re8 11. Bc3 a6 12. a3 Rc8 13. Rc1 Ne4 14. b4 Ne7 15.
Bb2 b5 16. Nce5 Nd5 17. Nc6 Qf6 18. Nfe5 Bxe2 19. Qxe2 Qh6 20. Ng4 Qh4 21. Nce5
Bxe5 22. Nxe5 f6 23. Nf3 Qh5 24. Qd3 Nd6 25. Nd2 g5 26. f4 gxf4 27. exf4 Kf7
28. Qf3 Qh4 29. Rc5 c6 30. Ne4 Nxe4 31. Qxe4 f5 32. Qe5 Rg8 33. Qd6 Rxg2+ 34.
Kxg2 Rg8+ 35. Kf3 Qxh3+ 36. Ke2 Rg2+ 37. Kd1 Qd3+ 0-1

[Event "Ronne Jubilaum"]
[Site "Ronne"]
[Date "2001.06.25"]
[Round "3"]
[White "Baekgaard, Martin"]
[Black "Almind, Heinrich Dalsgaard"]
[Result "1/2-1/2"]
[WhiteElo "2270"]
[BlackElo "2238"]
[PlyCount "69"]
[EventDate "2001.??.??"]
[EventType "swiss"]
[EventRounds "9"]
[EventCountry "DEN"]
[SourceDate "2005.12.01"]

1. c4 e6 2. g3 c5 3. Nf3 Nc6 4. Bg2 g6 5. Nc3 Bg7 6. O-O Nge7 7. d3 O-O 8. Bg5
a6 9. Qd2 Qc7 10. Rab1 d6 11. a3 Rb8 12. b4 cxb4 13. axb4 b5 14. cxb5 axb5 15.
Rfc1 Qb6 16. Ne4 d5 17. Nc5 e5 18. e4 Rd8 19. Qa2 dxe4 20. dxe4 Bg4 21. Ne1 Ra8
22. Qb2 Ra7 23. h3 Bd7 24. Ra1 Rxa1 25. Rxa1 Be8 26. Ned3 Qc7 27. Qa3 h6 28.
Be3 Nd4 29. Ra2 Nec6 30. Qc1 Kh7 31. h4 h5 32. Kh1 Qe7 33. Qa3 Rc8 34. Bh3 Rc7
35. Qb2 1/2-1/2

[Event "Ronne Jubilaum"]
[Site "Ronne"]
[Date "2001.06.25"]
[Round "3"]
[White "Taksrud, Vidar"]
[Black "Solem, Trond"]
[Result "0-1"]
[WhiteElo "1944"]
[BlackElo "2185"]
[PlyCount "84"]
[EventDate "2001.??.??"]
[EventType "swiss"]
[EventRounds "9"]
[EventCountry "DEN"]
[SourceDate "2005.12.01"]

1. Nf3 f5 2. b3 Nf6 3. c4 d6 4. d4 g6 5. Bb2 Bg7 6. e3 O-O 7. Be2 c6 8. O-O a5
9. Nc3 Qc7 10. Rc1 e5 11. c5 e4 12. cxd6 Qxd6 13. Ne5 Be6 14. Na4 Nbd7 15. Nxd7
Nxd7 16. Nc5 Nxc5 17. Ba3 Rf7 18. Bxc5 Qd7 19. Qc2 Bd5 20. Bb6 g5 21. Bc4 f4
22. exf4 gxf4 23. Rfe1 Re8 24. f3 Kh8 25. Bxd5 cxd5 26. Qe2 Qe6 27. Qb5 Rg8 28.
Kh1 Bf6 29. fxe4 Rxg2 30. Qf1 Rfg7 31. Qxf4 Qxb6 32. e5 Be7 33. e6 Qd6 34. Re5
Rg8 35. Qf3 Qa3 36. Rf1 Qxa2 37. Rh5 Qe2 38. Rxh7+ Kxh7 39. Qh3+ Kg6 40. Rf7
Rxh2+ 41. Qxh2 Qxh2+ 42. Kxh2 Rg7 0-1

[Event "Ronne Jubilaum"]
[Site "Ronne"]
[Date "2001.06.25"]
[Round "3"]
[White "Hautala, Roman"]
[Black "Hornsgaard, Jens Boe"]
[Result "1/2-1/2"]
[WhiteElo "2182"]
[BlackElo "1902"]
[PlyCount "47"]
[EventDate "2001.??.??"]
[EventType "swiss"]
[EventRounds "9"]
[EventCountry "DEN"]
[SourceDate "2005.12.01"]

1. g3 c5 2. Nf3 Nc6 3. Bg2 g6 4. O-O Bg7 5. Nc3 Nf6 6. d3 d5 7. a3 O-O 8. Rb1
d4 9. Na4 Qd6 10. c4 dxc3 11. Nxc3 Bg4 12. b4 cxb4 13. axb4 Rac8 14. Bd2 b6 15.
b5 Bxf3 16. Bxf3 Nd4 17. Bg2 e5 18. Na2 Rfd8 19. Bh3 Rc2 20. Ra1 Qc5 21. Bg2
Nxb5 22. Nb4 Rb2 23. Nc6 Rd7 24. Rc1 1/2-1/2

[Event "Ronne Jubilaum"]
[Site "Ronne"]
[Date "2001.06.25"]
[Round "3"]
[White "Pajkic, Nicolas"]
[Black "Rorvik, Jon F"]
[Result "0-1"]
[WhiteElo "1903"]
[BlackElo "2174"]
[PlyCount "70"]
[EventDate "2001.??.??"]
[EventType "swiss"]
[EventRounds "9"]
[EventCountry "DEN"]
[SourceDate "2005.12.01"]

1. e4 e5 2. Nf3 Nc6 3. Bb5 a6 4. Bxc6 dxc6 5. O-O Bd6 6. h3 Ne7 7. Re1 c5 8. b3
O-O 9. Bb2 f6 10. Nc3 Be6 11. Ne2 Ng6 12. Ng3 Qd7 13. c3 Rad8 14. Qe2 Nf4 15.
Qf1 c4 16. bxc4 Qa4 17. d3 Qc2 18. Re2 Qxd3 19. Rd2 Qxf1+ 20. Nxf1 Bxc4 21. Ne3
Be6 22. c4 c6 23. Rad1 Be7 24. Rxd8 Rxd8 25. Rxd8+ Bxd8 26. Nd2 Bb6 27. a4 Bc5
28. Kf1 Bb4 29. Nb1 Nd3 30. Bc3 Bxc3 31. Nxc3 Nb2 32. c5 Nd3 33. Ned1 Nxc5 34.
Nb2 b5 35. f3 b4 0-1

[Event "Ronne Jubilaum"]
[Site "Ronne"]
[Date "2001.06.25"]
[Round "3"]
[White "Hansen, Jacob "]
[Black "Brauer, Christian"]
[Result "0-1"]
[WhiteElo "1878"]
[BlackElo "2286"]
[PlyCount "80"]
[EventDate "2001.??.??"]
[EventType "swiss"]
[EventRounds "9"]
[EventCountry "DEN"]
[SourceDate "2005.12.01"]

1. e4 e6 2. d4 d5 3. exd5 exd5 4. Nf3 Bd6 5. Be2 Ne7 6. Bg5 f6 7. Bh4 O-O 8.
Bg3 Be6 9. Qd2 Nbc6 10. Nc3 a6 11. O-O Nf5 12. Bxd6 Qxd6 13. Nd1 Rae8 14. c3
Nce7 15. Bd3 Ng6 16. g3 Qd7 17. Re1 Nd6 18. Ne3 Ne4 19. Qc2 f5 20. Ng2 Qc6 21.
Nf4 Nxf4 22. gxf4 Bc8 23. Ne5 Qh6 24. f3 Qxf4 25. fxe4 fxe4 26. Bf1 Rf5 27. Bg2
Rh5 28. Bxe4 dxe4 29. Rxe4 Qf5 30. Qe2 Rg5+ 31. Kh1 Rf8 32. Rg1 Be6 33. Rxg5
Qxg5 34. c4 Bh3 35. Nf3 Qc1+ 36. Ng1 Bf1 37. Qg4 Bxc4 38. Re5 Qf1 39. h4 c6 40.
Re7 Bd5+ 0-1

[Event "Ronne Jubilaum"]
[Site "Ronne"]
[Date "2001.06.25"]
[Round "3"]
[White "Bernhardsson, Sten"]
[Black "Poulsen, Morten Kjar"]
[Result "1-0"]
[WhiteElo "2291"]
[BlackElo "1785"]
[PlyCount "42"]
[EventDate "2001.??.??"]
[EventType "swiss"]
[EventRounds "9"]
[EventCountry "DEN"]
[SourceDate "2005.12.01"]

1. d4 d5 2. c4 e6 3. Nf3 Nf6 4. Bg5 Be7 5. e3 O-O 6. Nc3 Nbd7 7. Rc1 dxc4 8.
Bxc4 c5 9. O-O a6 10. Qe2 b5 11. Bb3 Qb6 12. Rfd1 Bb7 13. Ne5 Rfe8 14. Bc2 Nxe5
15. dxe5 Nd5 16. Ne4 h6 17. Bxe7 Rxe7 18. Nxc5 Rc8 19. Nxb7 Qxb7 20. Bb3 Rd8
21. e4 Qb8 1-0

[Event "Ronne Jubilaum"]
[Site "Ronne"]
[Date "2001.06.25"]
[Round "3"]
[White "Blum, Thomas"]
[Black "Scholvin, Bjoern"]
[Result "1/2-1/2"]
[WhiteElo "2117"]
[BlackElo "2122"]
[PlyCount "35"]
[EventDate "2001.??.??"]
[EventType "swiss"]
[EventRounds "9"]
[EventCountry "DEN"]
[SourceDate "2005.12.01"]

1. d4 d5 2. c4 Nc6 3. Nf3 e5 4. dxe5 Bb4+ 5. Bd2 dxc4 6. a3 Ba5 7. e3 Be6 8.
Qa4 Qd5 9. Bxa5 Qxa5+ 10. Qxa5 Nxa5 11. Nbd2 b5 12. Nd4 Bd7 13. Ne4 Nb7 14. a4
c6 15. b3 cxb3 16. axb5 cxb5 17. Nxb5 Ke7 18. Nd4 1/2-1/2

[Event "Ronne Jubilaum"]
[Site "Ronne"]
[Date "2001.06.25"]
[Round "3"]
[White "Grahn, Lars"]
[Black "Dalrud, Endre"]
[Result "1-0"]
[WhiteElo "2100"]
[BlackElo "2145"]
[PlyCount "39"]
[EventDate "2001.??.??"]
[EventType "swiss"]
[EventRounds "9"]
[EventCountry "DEN"]
[SourceDate "2005.12.01"]

1. d4 Nf6 2. c4 g6 3. Nc3 Bg7 4. e4 d6 5. Nge2 O-O 6. Ng3 c5 7. d5 Na6 8. Be2
Nc7 9. O-O e6 10. Bg5 exd5 11. exd5 h6 12. Bf4 Re8 13. h3 a6 14. a4 Rb8 15. Qd2
h5 16. Bg5 Qe7 17. Qf4 Qe5 18. Qxe5 dxe5 19. Bxf6 Bxf6 20. Nge4 1-0

[Event "Ronne Jubilaum"]
[Site "Ronne"]
[Date "2001.06.25"]
[Round "3"]
[White "Henrichsen, Jens"]
[Black "Knudsen, Jesper"]
[Result "1/2-1/2"]
[WhiteElo "2051"]
[BlackElo "1617"]
[PlyCount "60"]
[EventDate "2001.??.??"]
[EventType "swiss"]
[EventRounds "9"]
[EventCountry "DEN"]
[SourceDate "2005.12.01"]

1. d4 Nf6 2. c4 c5 3. d5 b5 4. cxb5 a6 5. bxa6 Bxa6 6. Nc3 g6 7. e4 Bxf1 8.
Kxf1 d6 9. g3 Bg7 10. Kg2 Nbd7 11. Nf3 Qb6 12. h3 O-O 13. Re1 Rfb8 14. Re2 c4
15. Be3 Nc5 16. Nd4 Nfd7 17. Nc6 Re8 18. Rb1 Qa6 19. Bd4 Nd3 20. Bxg7 Kxg7 21.
b4 cxb3 22. axb3 N3e5 23. b4 Nxc6 24. b5 Qa5 25. dxc6 Qxc3 26. cxd7 Red8 27.
Qd5 Rab8 28. Re3 Qc2 29. Qd4+ e5 30. Qb4 Rxd7 1/2-1/2

[Event "Ronne Jubilaum"]
[Site "Ronne"]
[Date "2001.06.25"]
[Round "3"]
[White "Petersen, Jan"]
[Black "Christiansen, Erling Molbaek"]
[Result "1-0"]
[WhiteElo "1742"]
[BlackElo "1928"]
[PlyCount "97"]
[EventDate "2001.??.??"]
[EventType "swiss"]
[EventRounds "9"]
[EventCountry "DEN"]
[SourceDate "2005.12.01"]

1. e4 e5 2. Nf3 Nc6 3. Nc3 Nf6 4. d4 exd4 5. Nd5 Nxd5 6. exd5 Bb4+ 7. Bd2 Qe7+
8. Qe2 Qxe2+ 9. Bxe2 Bxd2+ 10. Kxd2 Ne7 11. d6 Nc6 12. dxc7 a6 13. Bc4 O-O 14.
Rhe1 d6 15. Rad1 Bg4 16. Bd5 Rac8 17. Bxc6 bxc6 18. Re7 Bxf3 19. gxf3 Rfe8 20.
Rde1 Rxe7 21. Rxe7 Kf8 22. Rd7 Ke8 23. Rxd6 Rxc7 24. Rxd4 Rb7 25. b3 Ke7 26. a4
Ke6 27. Kc3 c5 28. Rd8 Ke7 29. Ra8 Rb6 30. Ra7+ Ke8 31. Kc4 Rf6 32. Kxc5 Rxf3
33. Rxa6 Rxf2 34. c4 Rxh2 35. a5 f5 36. b4 f4 37. Re6+ Kd7 38. Re1 Rh5+ 39. Kb6
Kc8 40. Re8+ Kd7 41. Rf8 Rh6+ 42. Kb7 Rf6 43. Rxf6 gxf6 44. c5 f3 45. c6+ Kd6
46. c7 f2 47. c8=Q f1=Q 48. Qc6+ Ke5 49. a6 1-0

[Event "Ronne Jubilaum"]
[Site "Ronne"]
[Date "2001.06.25"]
[Round "3"]
[White "Sandstrom, Anders"]
[Black "Ferrung, Steffen"]
[Result "1-0"]
[WhiteElo "1894"]
[BlackElo "1740"]
[PlyCount "42"]
[EventDate "2001.??.??"]
[EventType "swiss"]
[EventRounds "9"]
[EventCountry "DEN"]
[SourceDate "2005.12.01"]

1. Nf3 f5 2. c4 Nf6 3. g3 e6 4. Bg2 Be7 5. O-O O-O 6. d3 d5 7. cxd5 exd5 8. Nc3
c6 9. e3 Qe8 10. a3 Na6 11. b4 h6 12. Qb3 Nc7 13. e4 fxe4 14. dxe4 Be6 15. Nd4
Qf7 16. e5 Nd7 17. f4 Qg6 18. Be3 h5 19. Nxe6 Nxe6 20. Nxd5 cxd5 21. Bxd5 h4
1-0

[Event "Ronne Jubilaum"]
[Site "Ronne"]
[Date "2001.06.25"]
[Round "3"]
[White "Nielsen, Rasmus Lundberg"]
[Black "Munch, Anders"]
[Result "1/2-1/2"]
[WhiteElo "1684"]
[BlackElo "1857"]
[PlyCount "59"]
[EventDate "2001.??.??"]
[EventType "swiss"]
[EventRounds "9"]
[EventCountry "DEN"]
[SourceDate "2005.12.01"]

1. c4 e5 2. Nc3 Nc6 3. g3 d6 4. Bg2 Nf6 5. d3 Be7 6. Nf3 O-O 7. O-O Re8 8. Rb1
a5 9. a3 Bg4 10. b4 axb4 11. axb4 Qd7 12. b5 Nd8 13. Bg5 Ne6 14. Bxf6 Bxf6 15.
Nd5 Bd8 16. Ra1 Rxa1 17. Qxa1 c6 18. Nc3 Bb6 19. e3 Nc5 20. bxc6 bxc6 21. Rb1
Bd8 22. Ne1 Bf5 23. Qa8 e4 24. dxe4 Bc7 25. Qa7 Be6 26. Bf1 Rc8 27. Nd3 Nxd3
28. Bxd3 Qd8 29. f4 Ra8 30. Qb7 1/2-1/2

[Event "Ronne Jubilaum"]
[Site "Ronne"]
[Date "2001.06.25"]
[Round "3"]
[White "Kraft, Rene"]
[Black "Carlsen, Magnus"]
[Result "0-1"]
[WhiteElo "1627"]
[BlackElo "2288"]
[PlyCount "116"]
[EventDate "2001.??.??"]
[EventType "swiss"]
[EventRounds "9"]
[EventCountry "DEN"]
[SourceDate "2005.12.01"]

1. d4 Nf6 2. Nf3 e6 3. b3 c5 4. e3 cxd4 5. Nxd4 b6 6. Bd3 Bb7 7. O-O Be7 8. Bb2
O-O 9. Nc3 d6 10. Nf3 Nbd7 11. h3 a6 12. Ne1 Qc7 13. Ne2 b5 14. Rc1 Rad8 15. c4
b4 16. Nf4 Nc5 17. Nh5 Nxd3 18. Nxd3 Qc6 19. Ne1 Nxh5 20. Qxh5 Qe4 21. Qg4 Qxg4
22. hxg4 Rc8 23. Nf3 d5 24. cxd5 Bxd5 25. Rxc8 Rxc8 26. Rc1 Rxc1+ 27. Bxc1 Be4
28. Nd2 Bd3 29. g3 Bf6 30. a3 a5 31. f4 Bc3 32. axb4 axb4 33. Kf2 Kf8 34. Kf3
Ke7 35. Ne4 Be1 36. Nc5 Bc2 37. Ke2 Bc3 38. Na4 Ba1 39. Bb2 Bxb2 40. Nxb2 Bxb3
41. Kd2 Bd5 42. Nd3 b3 43. Kc3 Be4 44. Nc5 Bf3 45. g5 Bd1 46. Nxb3 Bxb3 47.
Kxb3 f6 48. gxf6+ Kxf6 49. g4 g6 50. Kc4 h5 51. e4 hxg4 52. Kd4 e5+ 53. fxe5+
Ke6 54. Ke3 Kxe5 55. Kf2 Kxe4 56. Kg3 Kf5 57. Kf2 Kf4 58. Ke2 g3 0-1